| 000 | 01251nam0a22002891 4500 | ||
|---|---|---|---|
| 001 | rc\3728320 | ||
| 005 | 20250610065216.0 | ||
| 021 |
_aRU _b[70-87387] |
||
| 035 | _a(NLR Aleph) 007777982 | ||
| 090 |
_a7538509 _c7538509 |
||
| 100 | _a20130115d1970 |||y0rusy50 ca | ||
| 101 | 0 | _arus | |
| 102 | _aRU | ||
| 105 | _aa z |||a| | ||
| 200 | 1 |
_aРунный ход _eСтихотворения и поэма _f[Ил.: И.М. Гирель] |
|
| 210 |
_aМосква _cСов. Россия _d1970 |
||
| 215 |
_a103 с. _cил. _d14 |
||
| 327 | 0 | _aЦиклы: Далеко в стране Иркутской; Песни и раздумья; Слово об Илимской пашне: Поэма | |
| 464 | 0 |
_12001#$aДалеко в стране Иркутской$aПесни и раздумья$aСлово об Илимской пашне$eПоэма _tСлово об Илимской пашне |
|
| 700 | 1 |
_aСкуратов _bМ. М. _f1903- _gМихаил Маркелович |
|
| 702 | 1 |
_4440 _7ca _8rus _aГирель _bИ. М. _cхудожник _f1927- _gИда Моисеевна _9252679 _3RU\NLR\AUTH\770252735 |
|
| 801 | 0 |
_aRU _bNLR _gpsbo |
|
| 801 | 1 |
_aRU _bELAR _2rusmarc |
|
| 852 |
_aNLR _j70-1/436 |
||
| 942 | _cBOOK | ||
| 980 | _aNB | ||